[Event "SVK-chT2D 1920"]
[Site "Slovakia"]
[Date "2020.02.16"]
[Round "9.5"]
[White "Paluch, Ladislav"]
[Black "Zuscin, Martin"]
[Result "1/2-1/2"]
[WhiteElo "1924"]
[BlackElo "1995"]
[PlyCount "53"]
[EventDate "2019.10.26"]
[EventType "team-tourn"]
[EventRounds "11"]
[EventCountry "SVK"]
[SourceTitle "CBM 195 Extra"]
[Source "ChessBase"]
[SourceDate "2020.05.31"]
[SourceVersion "1"]
[SourceVersionDate "2020.05.31"]
[SourceQuality "1"]
[WhiteTeam "Velke Kapusany"]
[BlackTeam "Bardejov BSK II"]
[WhiteTeamCountry "SVK"]
[BlackTeamCountry "SVK"]

1. d4 d5 2. c4 e6 3. Nc3 Nf6 4. Bg5 Be7 5. Nf3 c6 6. e3 0-0 7. Qc2 Nbd7 8. Bd3 h6 9. Bh4 Re8 10. 0-0 Nh5 11. Bxe7 Qxe7 12. e4 dxe4 13. Nxe4 e5 14. Rae1 Qf8 15. dxe5 Nf4 16. Re3 Nxe5 17. Nxe5 Rxe5 18. Rfe1 Nxd3 19. Qxd3 Bf5 20. Qd4 Rxe4 21. Rxe4 Bxe4 22. Qxe4 Rd8 23. g3 Rd2 24. Re2 Rxe2 25. Qxe2 Qd8 26. b4 Kf8 27. a3 1/2-1/2

[Event "SVK-chT2D 1718"]
[Site "Slovakia"]
[Date "2018.02.24"]
[Round "8.5"]
[White "Nadzamova, Viktoria"]
[Black "Paluch, Ladislav"]
[Result "0-1"]
[WhiteElo "1792"]
[BlackElo "1984"]
[PlyCount "62"]
[EventDate "2017.10.28"]
[EventType "team-tourn"]
[EventRounds "11"]
[EventCountry "SVK"]
[SourceTitle "EXT 2019"]
[Source "ChessBase"]
[SourceDate "2018.10.10"]
[SourceVersion "1"]
[SourceVersionDate "2018.10.10"]
[SourceQuality "1"]
[WhiteTeam "Kosice 1 CC"]
[BlackTeam "Velke Kapusany"]
[WhiteTeamCountry "SVK"]
[BlackTeamCountry "SVK"]

1. e4 c5 2. Nf3 d6 3. Bb5+ Bd7 4. Bxd7+ Nxd7 5. 0-0 g6 6. c3 Bg7 7. d4 Ngf6 8. Re1 0-0 9. h3 Rc8 10. Bf4 Qb6 11. Qd2 Rfd8 12. Na3 cxd4 13. cxd4 d5 14. e5 Ne4 15. Qe2 f6 16. Rac1 fxe5 17. dxe5 e6 18. Nb5 Rxc1 19. Rxc1 Qa6 20. b3 Rf8 21. Bh2 Qb6 22. Nd6 Ndc5 23. Qe3 Qa5 24. a4 Qb4 25. Nxe4 Nxe4 26. Rc7 a5 27. Bg3 b6 28. Bh4 Re8 29. Ng5 Bxe5 30. Rxh7 Nxg5 31. Qxg5 Qe1# 0-1

[Event "SVK-chT2D 1718"]
[Site "Slovakia"]
[Date "2018.01.13"]
[Round "5.5"]
[White "Kornucik, Jan"]
[Black "Paluch, Ladislav"]
[Result "1-0"]
[WhiteElo "1979"]
[BlackElo "1984"]
[PlyCount "55"]
[EventDate "2017.10.28"]
[EventType "team-tourn"]
[EventRounds "11"]
[EventCountry "SVK"]
[SourceTitle "EXT 2019"]
[Source "ChessBase"]
[SourceDate "2018.10.10"]
[SourceVersion "1"]
[SourceVersionDate "2018.10.10"]
[SourceQuality "1"]
[WhiteTeam "Humenne Reinter"]
[BlackTeam "Velke Kapusany"]
[WhiteTeamCountry "SVK"]
[BlackTeamCountry "SVK"]

1. e3 d5 2. c4 e6 3. Nf3 Nf6 4. b3 b6 5. Bb2 Bb7 6. Be2 Bd6 7. 0-0 0-0 8. Ne5 Nbd7 9. d4 c5 10. Nd2 Rc8 11. Rc1 Qe7 12. f4 cxd4 13. exd4 Rfd8 14. Bf3 Bb4 15. Qe2 Bxd2 16. Qxd2 Ne4 17. Qe3 f5 18. Bxe4 dxe4 19. h3 Nxe5 20. fxe5 Qh4 21. Kh2 g5 22. g3 Qh5 23. Rf2 Rf8 24. Rcf1 Qg6 25. d5 exd5 26. e6 Qxe6 27. Qd4 f4 28. Qg7# 1-0

[Event "SVK-chT2D 1617"]
[Site "Slovakia"]
[Date "2017.03.11"]
[Round "10.5"]
[White "Paluch, Ladislav"]
[Black "Varga, Lukas"]
[Result "1-0"]
[WhiteElo "1964"]
[BlackElo "1882"]
[PlyCount "59"]
[EventDate "2016.10.08"]
[EventType "team-tourn"]
[EventRounds "11"]
[EventCountry "SVK"]
[SourceTitle "EXT 2019"]
[Source "ChessBase"]
[SourceDate "2018.10.10"]
[SourceVersion "1"]
[SourceVersionDate "2018.10.10"]
[SourceQuality "1"]
[WhiteTeam "Velke Kapusany"]
[BlackTeam "Kosice Slavia UPJS III"]
[WhiteTeamCountry "SVK"]
[BlackTeamCountry "SVK"]

1. d4 Nf6 2. c4 e6 3. Nf3 d5 4. Nc3 a6 5. Bg5 Be7 6. e3 0-0 7. Rc1 Nbd7 8. cxd5 exd5 9. Bd3 c6 10. 0-0 Re8 11. Qc2 h6 12. Bf4 Nh5 13. Be5 Nhf6 14. Bg3 Bf8 15. Rb1 Nh5 16. Be5 f6 17. Bg3 Nxg3 18. hxg3 Nb6 19. Bg6 Re6 20. Bh7+ Kh8 21. Nh4 g5 22. Ng6+ Kg7 23. Nf4 Re4 24. Bxe4 dxe4 25. Nfe2 f5 26. g4 Nd5 27. Ng3 f4 28. Nh5+ Kh8 29. Qxe4 Bxg4 30. Qe5+ 1-0

[Event "SVK-chT2D 1617"]
[Site "Slovakia"]
[Date "2017.01.21"]
[Round "7.5"]
[White "Koval, Jakub"]
[Black "Paluch, Ladislav"]
[Result "1-0"]
[WhiteElo "2008"]
[BlackElo "1964"]
[PlyCount "61"]
[EventDate "2016.10.08"]
[EventType "team-tourn"]
[EventRounds "11"]
[EventCountry "SVK"]
[SourceTitle "EXT 2018"]
[Source "ChessBase"]
[SourceDate "2017.10.13"]
[SourceVersion "1"]
[SourceVersionDate "2017.10.13"]
[SourceQuality "1"]
[WhiteTeam "Presov Tatran"]
[BlackTeam "Velke Kapusany"]
[WhiteTeamCountry "SVK"]
[BlackTeamCountry "SVK"]

1. e4 e6 2. d4 d5 3. Nc3 Nf6 4. Bg5 dxe4 5. Nxe4 Be7 6. Bxf6 Bxf6 7. Nf3 0-0 8. Qd2 b6 9. 0-0-0 Bb7 10. Qf4 Nd7 11. Bd3 Rc8 12. Kb1 Qe7 13. Ne5 Rfd8 14. Rhe1 Bxe5 15. dxe5 Bxe4 16. Rxe4 c5 17. Rde1 Nb8 18. R4e3 Rd4 19. Be4 Rcd8 20. c3 R4d7 21. Rh3 g6 22. g4 Qf8 23. Rh6 Na6 24. h4 Nc7 25. h5 Qg7 26. Qg5 Rd1+ 27. Rxd1 Rxd1+ 28. Kc2 Rf1 29. f4 Nd5 30. hxg6 hxg6 31. Qd8+ 1-0

[Event "SVK-chT2D 1617"]
[Site "Slovakia"]
[Date "2016.11.05"]
[Round "3.5"]
[White "Dzugas, Vladimir"]
[Black "Paluch, Ladislav"]
[Result "1/2-1/2"]
[WhiteElo "2027"]
[BlackElo "1964"]
[PlyCount "54"]
[EventDate "2016.10.08"]
[EventType "team-tourn"]
[EventRounds "11"]
[EventCountry "SVK"]
[SourceTitle "EXT 2018"]
[Source "ChessBase"]
[SourceDate "2017.10.13"]
[SourceVersion "1"]
[SourceVersionDate "2017.10.13"]
[SourceQuality "1"]
[WhiteTeam "Kosice Dynamo"]
[BlackTeam "Velke Kapusany"]
[WhiteTeamCountry "SVK"]
[BlackTeamCountry "SVK"]

1. e4 e6 2. d4 d5 3. exd5 exd5 4. Nf3 Bd6 5. Bd3 Bg4 6. c3 c6 7. Be3 Ne7 8. h3 Bf5 9. Qc2 Bxd3 10. Qxd3 Qb6 11. b3 Nd7 12. Nbd2 0-0 13. 0-0 Rad8 14. Rae1 Ng6 15. Re2 Qc7 16. Rfe1 b5 17. Ng5 Nf6 18. Nf1 Rde8 19. Bd2 Rxe2 20. Rxe2 h6 21. Ne6 fxe6 22. Qxg6 Qf7 23. Qxf7+ Kxf7 24. f3 Rd8 25. Kf2 e5 26. dxe5 Bxe5 27. Ne3 h5 1/2-1/2

[Event "SVK-chT2D 1314"]
[Site "Slovakia"]
[Date "2014.03.15"]
[Round "10.3"]
[White "Micek, Jaroslav"]
[Black "Paluch, Ladislav"]
[Result "1/2-1/2"]
[WhiteElo "2070"]
[BlackElo "2031"]
[PlyCount "74"]
[EventDate "2013.10.19"]
[EventType "team-tourn"]
[EventRounds "11"]
[EventCountry "SVK"]
[SourceTitle "EXT 2015"]
[Source "ChessBase"]
[SourceDate "2014.11.20"]
[SourceVersion "1"]
[SourceVersionDate "2014.11.20"]
[SourceQuality "1"]
[WhiteTeam "Margecany"]
[BlackTeam "Velke Kapusany"]
[WhiteTeamCountry "SVK"]
[BlackTeamCountry "SVK"]

1. e4 e6 2. d3 d5 3. Nd2 c5 4. g3 Nc6 5. Bg2 d4 6. Ngf3 e5 7. Nc4 Qc7 8. a4 Nf6 9. 0-0 Bg4 10. h3 Be6 11. Qe2 Be7 12. Ng5 Bxc4 13. dxc4 h6 14. Nf3 0-0 15. Nh4 Bd6 16. f4 Ne7 17. f5 Nc6 18. g4 Be7 19. g5 hxg5 20. Bxg5 Rfd8 21. Ra3 Rd6 22. Rg3 Kf8 23. Bc1 Rad8 24. Qd2 Nxe4 25. Bxe4 Bxh4 26. Rxg7 Kxg7 27. f6+ Rxf6 28. Rxf6 Kxf6 29. Qh6+ Ke7 30. Qxh4+ f6 31. Qh7+ Kd6 32. Qg6 Qe7 33. Bg5 Rf8 34. Bh6 Rh8 35. Bg5 Rf8 36. Bh6 Rh8 37. Bg5 Rf8 1/2-1/2

[Event "SVK-chT2D 1314"]
[Site "Slovakia"]
[Date "2013.11.23"]
[Round "3.3"]
[White "Paluch, Ladislav"]
[Black "Mrva, Vladimir"]
[Result "1-0"]
[WhiteElo "2031"]
[BlackElo "2177"]
[PlyCount "111"]
[EventDate "2013.10.19"]
[EventType "team-tourn"]
[EventRounds "11"]
[EventCountry "SVK"]
[SourceTitle "EXT 2015"]
[Source "ChessBase"]
[SourceDate "2014.11.20"]
[SourceVersion "1"]
[SourceVersionDate "2014.11.20"]
[SourceQuality "1"]
[WhiteTeam "Velke Kapusany"]
[BlackTeam "Sabinov II"]
[WhiteTeamCountry "SVK"]
[BlackTeamCountry "SVK"]

1. d4 Nf6 2. c4 e6 3. Nf3 b6 4. Nc3 Bb7 5. Qc2 Bb4 6. Bd2 0-0 7. e3 d5 8. cxd5 exd5 9. Bd3 Ba6 10. Bxa6 Nxa6 11. Qa4 Bxc3 12. Bxc3 Nb8 13. 0-0 Qd7 14. Qc2 Qg4 15. Ne5 Qh4 16. Rac1 Ng4 17. Nf3 Qh5 18. Bb4 Rc8 19. h3 Nf6 20. Bd6 Ne8 21. Be7 Qg6 22. Qxg6 hxg6 23. Ne5 f6 24. Nc6 Nxc6 25. Rxc6 Kf7 26. Ba3 a5 27. Rfc1 Rd8 28. f3 Rd7 29. Kf2 Rad8 30. g4 g5 31. f4 gxf4 32. exf4 Rb8 33. h4 Rb7 34. h5 Nd6 35. Bxd6 cxd6 36. Kf3 a4 37. g5 fxg5 38. fxg5 Ke6 39. Kg4 Rf7 40. R6c2 Kd7 41. g6 Rf8 42. Re2 b5 43. Rce1 Kd8 44. Kg5 Rd7 45. h6 gxh6+ 46. Kxh6 Rh8+ 47. Kg5 b4 48. Rf1 Re7 49. Rxe7 Kxe7 50. Re1+ Kd7 51. g7 Rh2 52. Rg1 Rxb2 53. g8Q Rxa2 54. Qxd5 b3 55. Qb7+ Kd8 56. Rh1 1-0

[Event "SVK-chT2D 1112"]
[Site "Slovakia"]
[Date "2012.01.29"]
[Round "9.4"]
[White "Istona, Martin"]
[Black "Paluch, Ladislav"]
[Result "1-0"]
[WhiteElo "1993"]
[BlackElo "2045"]
[PlyCount "137"]
[EventDate "2011.10.08"]
[EventType "team-tourn"]
[EventRounds "11"]
[EventCountry "SVK"]
[SourceTitle "EXT 2013"]
[Source "ChessBase"]
[SourceDate "2012.11.22"]
[SourceVersion "1"]
[SourceVersionDate "2012.11.22"]
[SourceQuality "1"]
[WhiteTeam "Presov Slavia PU"]
[BlackTeam "Velke Kapusany"]
[WhiteTeamCountry "SVK"]
[BlackTeamCountry "SVK"]

1. e4 e6 2. d3 d5 3. Nd2 c5 4. Ngf3 Nc6 5. g3 Nf6 6. Bg2 dxe4 7. dxe4 e5 8. 0-0 Be7 9. c3 0-0 10. Qe2 Bg4 11. h3 Bh5 12. g4 Bg6 13. Ne1 Qc7 14. Nc2 Rad8 15. Ne3 Qc8 16. Nf5 h6 17. Nc4 Nd7 18. Nce3 f6 19. h4 Nb6 20. a4 Rfe8 21. Bh3 Bxf5 22. Nxf5 Qd7 23. a5 Nc8 24. Be3 Qd3 25. Qxd3 Rxd3 26. Rfe1 Bf8 27. Bf1 Rdd8 28. a6 bxa6 29. Bxa6 Nb6 30. Bb5 Re6 31. Bxc6 Rxc6 32. Rxa7 Nc4 33. Bc1 Nd6 34. Nxd6 Rcxd6 35. Be3 Rc6 36. Rb7 Rcc8 37. Ra1 Ra8 38. Rxa8 Rxa8 39. Rc7 Rb8 40. Bxc5 Bxc5 41. Rxc5 Rxb2 42. Kg2 Rb1 43. Rd5 Rb7 44. h5 Rc7 45. Rd3 Kf7 46. Kf3 g6 47. hxg6+ Kxg6 48. Ke2 Kg5 49. f3 Rc6 50. Kd2 h5 51. gxh5 Kxh5 52. Kc2 Kg5 53. Kb3 f5 54. exf5 Kxf5 55. c4 Rb6+ 56. Ka4 e4 57. fxe4+ Kxe4 58. Rd8 Ke5 59. c5 Rb1 60. c6 Rc1 61. Kb5 Ke6 62. Kb6 Rb1+ 63. Ka7 Rc1 64. Kb7 Rb1+ 65. Kc8 Rb2 66. c7 Ke7 67. Rd1 Rh2 68. Rb1 Kd6 69. Kb8 1-0

[Event "SVK-chT2D 1112"]
[Site "Slovakia"]
[Date "2012.01.28"]
[Round "8.4"]
[White "Paluch, Ladislav"]
[Black "Mnich, Jozef"]
[Result "1/2-1/2"]
[WhiteElo "2045"]
[BlackElo "1984"]
[PlyCount "113"]
[EventDate "2011.10.08"]
[EventType "team-tourn"]
[EventRounds "11"]
[EventCountry "SVK"]
[SourceTitle "EXT 2013"]
[Source "ChessBase"]
[SourceDate "2012.11.22"]
[SourceVersion "1"]
[SourceVersionDate "2012.11.22"]
[SourceQuality "1"]
[WhiteTeam "Velke Kapusany"]
[BlackTeam "Presov Tatran"]
[WhiteTeamCountry "SVK"]
[BlackTeamCountry "SVK"]

1. d4 d5 2. c4 c6 3. Nf3 Nf6 4. Nc3 Bf5 5. Qb3 Qb6 6. Qxb6 axb6 7. cxd5 Nxd5 8. Nxd5 cxd5 9. e3 f6 10. Bd2 Nc6 11. Bb5 e6 12. 0-0 Kf7 13. Rfc1 Rc8 14. a3 Bd6 15. Rc3 Na7 16. Be2 Rc6 17. Rac1 Rhc8 18. Nh4 Be4 19. f3 Rxc3 20. Bxc3 g5 21. fxe4 dxe4 22. Nf3 exf3 23. Bxf3 Rc7 24. Bd2 Nc6 25. b4 Ke7 26. g3 Kd8 27. Kf2 h6 28. Ke2 f5 29. Kd3 e5 30. Bxc6 bxc6 31. Rf1 Rf7 32. dxe5 Bxe5 33. Bc3 Rd7+ 34. Kc2 Bxc3 35. Kxc3 Rd5 36. Re1 Re5 37. Rd1+ Ke7 38. Rd3 Ke6 39. a4 c5 40. bxc5 Rxc5+ 41. Kb2 b5 42. Rb3 bxa4 43. Rb6+ Kf7 44. Rxh6 Re5 45. Ka3 Kg7 46. Rh5 Kg6 47. Rh8 Rxe3+ 48. Kxa4 f4 49. gxf4 gxf4 50. Rf8 f3 51. Kb4 Kg5 52. Kc4 Kg4 53. Kd4 Re7 54. Rg8+ Kh4 55. Rh8+ Kg4 56. Rg8+ Kh3 57. Rg3+ 1/2-1/2

[Event "SVK-chT2D 1112"]
[Site "Slovakia"]
[Date "2011.11.05"]
[Round "3.5"]
[White "Paluch, Ladislav"]
[Black "Micek, Jaroslav"]
[Result "1/2-1/2"]
[WhiteElo "2045"]
[BlackElo "2073"]
[PlyCount "66"]
[EventDate "2011.10.08"]
[EventType "team-tourn"]
[EventRounds "11"]
[EventCountry "SVK"]
[SourceTitle "EXT 2013"]
[Source "ChessBase"]
[SourceDate "2012.11.22"]
[SourceVersion "1"]
[SourceVersionDate "2012.11.22"]
[SourceQuality "1"]
[WhiteTeam "Velke Kapusany"]
[BlackTeam "Margecany OSK"]
[WhiteTeamCountry "SVK"]
[BlackTeamCountry "SVK"]

1. d4 d5 2. c4 e6 3. Nc3 Nf6 4. Nf3 Bb4 5. a3 Bxc3+ 6. bxc3 c5 7. e3 0-0 8. Bd3 Nbd7 9. Qc2 dxc4 10. Bxc4 b6 11. e4 Bb7 12. Nd2 Rc8 13. e5 Nd5 14. Ne4 cxd4 15. Nd6 Qc7 16. Nxc8 Rxc8 17. Bxd5 Qxe5+ 18. Qe4 Bxd5 19. Qxe5 Nxe5 20. cxd4 Bxg2 21. dxe5 Bxh1 22. Be3 Bd5 23. a4 Rc7 24. Kd2 Kf8 25. a5 b5 26. a6 Ke8 27. Ra5 Bc4 28. Kc3 Kd7 29. Kb4 Kc8 30. Bc5 Rd7 31. Ra3 f6 32. f4 Kb8 33. Rh3 fxe5 1/2-1/2

[Event "SVK-chT2D 0910"]
[Site "Slovakia"]
[Date "2010.02.07"]
[Round "9.5"]
[White "Paluch, Ladislav"]
[Black "Tropp, Lukas"]
[Result "1/2-1/2"]
[WhiteElo "1988"]
[BlackElo "1924"]
[PlyCount "53"]
[EventDate "2009.10.10"]
[EventType "team"]
[EventRounds "11"]
[EventCountry "SVK"]
[SourceTitle "EXT 2011"]
[Source "ChessBase"]
[SourceDate "2010.11.26"]
[SourceVersion "1"]
[SourceVersionDate "2010.11.26"]
[SourceQuality "1"]
[WhiteTeam "Velke Kapusany"]
[BlackTeam "Kezmarok II"]
[WhiteTeamCountry "SVK"]
[BlackTeamCountry "SVK"]

1. d4 d5 2. c4 c6 3. Nf3 Nf6 4. Nc3 g6 5. e3 Bg7 6. Be2 0-0 7. 0-0 Nbd7 8. cxd5 Nxd5 9. Nxd5 cxd5 10. Bd2 e5 11. dxe5 Nxe5 12. Nd4 a6 13. Rc1 Be6 14. Qb3 Qd7 15. Rfd1 Rfc8 16. Rxc8+ Rxc8 17. Bc3 Qe7 18. Nxe6 fxe6 19. f4 Nc4 20. Bxg7 Qxg7 21. Bxc4 Rxc4 22. Qb6 Qe7 23. a3 Rc2 24. h3 Rc6 25. Qd4 Qg7 26. Qxg7+ Kxg7 27. Rd2 1/2-1/2

[Event "SVK-chT2D 0910"]
[Site "Slovakia"]
[Date "2009.12.12"]
[Round "5.5"]
[White "Cech, Dominik"]
[Black "Paluch, Ladislav"]
[Result "1/2-1/2"]
[WhiteElo "2095"]
[BlackElo "1988"]
[PlyCount "54"]
[EventDate "2009.10.10"]
[EventType "team"]
[EventRounds "11"]
[EventCountry "SVK"]
[SourceTitle "EXT 2011"]
[Source "ChessBase"]
[SourceDate "2010.11.26"]
[SourceVersion "1"]
[SourceVersionDate "2010.11.26"]
[SourceQuality "1"]
[WhiteTeam "Michalovce Zemplin II"]
[BlackTeam "Velke Kapusany"]
[WhiteTeamCountry "SVK"]
[BlackTeamCountry "SVK"]

1. e4 c5 2. Nf3 d6 3. d4 cxd4 4. Nxd4 Nf6 5. Nc3 Nc6 6. Bg5 e6 7. Qd2 Be7 8. 0-0-0 a6 9. f4 Bd7 10. Be2 Nxd4 11. Qxd4 Bc6 12. Bf3 Qc7 13. Bxf6 gxf6 14. Bh5 Rf8 15. Rhe1 0-0-0 16. Kb1 Qa5 17. f5 Qc5 18. Qxc5 dxc5 19. Rxd8+ Bxd8 20. g3 Bc7 21. Bg4 Bd7 22. Nd1 Re8 23. Ne3 Kb8 24. Bh3 Bc6 25. Bg2 Ba5 26. c3 Bd8 27. Kc1 Kc7 1/2-1/2

[Event "SVK-chT2D 0910"]
[Site "Slovakia"]
[Date "2009.11.07"]
[Round "3.1"]
[White "Belis, Rudolf"]
[Black "Paluch, Ladislav"]
[Result "1-0"]
[WhiteElo "2122"]
[BlackElo "1988"]
[PlyCount "73"]
[EventDate "2009.10.10"]
[EventType "team"]
[EventRounds "11"]
[EventCountry "SVK"]
[SourceTitle "EXT 2011"]
[Source "ChessBase"]
[SourceDate "2010.11.26"]
[SourceVersion "1"]
[SourceVersionDate "2010.11.26"]
[SourceQuality "1"]
[WhiteTeam "Presov PSK"]
[BlackTeam "Velke Kapusany"]
[WhiteTeamCountry "SVK"]
[BlackTeamCountry "SVK"]

1. d4 d5 2. Nc3 Nf6 3. Bg5 e6 4. e4 dxe4 5. Nxe4 Be7 6. Bxf6 Bxf6 7. Nf3 0-0 8. Qd2 b6 9. 0-0-0 Bb7 10. Qf4 Nd7 11. h4 Rc8 12. Bd3 Be7 13. Neg5 h6 14. Nh7 Re8 15. g4 Bd6 16. Qe3 Nf6 17. g5 Nxh7 18. Kb1 h5 19. g6 Nf6 20. gxf7+ Kxf7 21. Ng5+ Kg8 22. Rhg1 Qe7 23. Bg6 Nd5 24. Qb3 Rf8 25. Bxh5 Rxf2 26. Bg4 Rf6 27. Rde1 Rcf8 28. Bxe6+ Rxe6 29. Nxe6 Rf7 30. Ng5 Qf6 31. Qd3 Qf5 32. Re8+ Bf8 33. Nxf7 Qxf7 34. Rb8 c6 35. Rf1 Nf6 36. Qf5 Qc7 37. Qe6+ 1-0

[Event "SVK-chT2D 0910"]
[Site "Slovakia"]
[Date "2009.10.10"]
[Round "1.4"]
[White "Paluch, Ladislav"]
[Black "Kmit, Jozef"]
[Result "0-1"]
[WhiteElo "1988"]
[BlackElo "2060"]
[PlyCount "96"]
[EventDate "2009.10.10"]
[EventType "team"]
[EventRounds "11"]
[EventCountry "SVK"]
[SourceTitle "EXT 2011"]
[Source "ChessBase"]
[SourceDate "2010.11.26"]
[SourceVersion "1"]
[SourceVersionDate "2010.11.26"]
[SourceQuality "1"]
[WhiteTeam "Velke Kapusany"]
[BlackTeam "Magura Zborov"]
[WhiteTeamCountry "SVK"]
[BlackTeamCountry "SVK"]

1. d4 d5 2. c4 e5 3. dxe5 d4 4. Nf3 Nc6 5. g3 Bg4 6. Bg2 Qd7 7. 0-0 h5 8. h4 0-0-0 9. a3 Nge7 10. Bg5 Bxf3 11. Bxf3 Nxe5 12. Qb3 Nxf3+ 13. Qxf3 f6 14. Bc1 Nc6 15. Qg2 Qe6 16. e3 Qxc4 17. exd4 Nxd4 18. Nc3 Nb3 19. Rb1 Bc5 20. Ne4 Bb6 21. Bf4 Rhe8 22. Nc3 Nd2 23. Bxd2 Rxd2 24. Qf3 Qg4 25. Qxg4+ hxg4 26. b3 Rd3 27. Na4 Rxg3+ 28. Kh2 Rh3+ 29. Kg2 Rxh4 30. Nxb6+ axb6 31. Kg3 g5 32. Rh1 Reh8 33. Rxh4 Rxh4 34. a4 f5 35. Re1 Rh3+ 36. Kg2 Rxb3 37. Re5 Rf3 38. Re8+ Kd7 39. Rg8 Ke6 40. Rxg5 Rc3 41. Rg8 Rc4 42. Ra8 Ke5 43. Re8+ Kf4 44. Re7 Rc5 45. Rd7 Ke5 46. Rd2 Rd5 47. Rc2 Kd6 48. Rc4 b5 0-1